Conscience and casuistry in early modern Europe /

Bibliographic Details
Other Authors: Leites, Edmund, 1939-
Format: Book
Language:English
Published: Cambridge [Cambridgeshire] ; New York : Paris : Cambridge University Press ; Editions de la Maison des sciences de l'homme, 1988.
Series:Ideas in context.
Subjects:

MARC

Tag First Indicator Second Indicator Subfields
LEADER 00000cam a2200000 a 4500
001 in00000030125
005 20151007060210.0
008 870629s1988 enk b 00100 eng
010 |a  87019716  
020 |a 0521301130 
035 |a (OCoLC)16356442 
035 |9 AAC0273AM 
040 |a DLC  |c DLC  |d TXA  |d UtOrBLW 
043 |a ew----- 
049 |a TXAM  |c [A11090633] 
050 0 0 |a BJ301  |b .C63 1988 
082 0 |a 171/.6/094  |2 19 
245 0 0 |a Conscience and casuistry in early modern Europe /  |c edited by Edmund Leites. 
264 1 |a Cambridge [Cambridgeshire] ;  |a New York :  |b Cambridge University Press ;  |a Paris :  |b Editions de la Maison des sciences de l'homme,  |c 1988. 
300 |a ix, 269 pages ;  |c 24 cm. 
336 |a text  |b txt  |2 rdacontent 
337 |a unmediated  |b n  |2 rdamedia 
338 |a volume  |b nc  |2 rdacarrier 
490 1 |a Ideas in context 
504 |a Includes bibliographical references and index. 
650 0 |a Ethics  |z Europe  |x History  |y 17th century. 
650 0 |a Ethics  |z Europe  |x History  |y 18th century. 
650 0 |a Conscience. 
650 0 |a Casuistry. 
700 1 |a Leites, Edmund,  |d 1939- 
830 0 |a Ideas in context. 
999 |a MARS 
999 f f |s f2eeb30c-a746-3808-8a34-f164750be960  |i 08909206-e899-3ca3-bc27-ee9892003a10  |t 0 
952 f f |p normal  |a Texas A&M University  |b College Station  |c Sterling C. Evans Library  |d Evans: Library Stacks  |t 0  |e BJ301 .C63 1988  |h Library of Congress classification  |i unmediated -- volume  |m A14811090633 
998 f f |a BJ301 .C63 1988  |t 0  |l Evans: Library Stacks